000 01020nam a22002777a 4500
003 URS
005 20260323090649.0
008 260212b |||||||| |||| 00| 0 eng d
020 _a9786214272075
040 _aDLC
_beng
_cDLC
_dURS
_erda
050 _aLB 1585
_b.G1357 2024
100 _aGallardo, Bernadette Ortinero-
245 _aThe teacher and the school curriculum/
_cBernadette Ortinero-Gallardo and Jonathan L. Mañas.-
264 _aIntramuros, Manila:
_bUnlimited books library services and publishing incorporation
300 _avi,
_b179 pages: illustration some (black and white);
_c23 centimeters.
336 _2rdacontent
_atext
_btxt
337 _2rdamedia
_aunmediated
_bn
338 _2rdacarrier
_avolume
_bnc
504 _aincludes references.
546 _aIn English text.
650 _2Curriculum development
650 _2Education - Philippines
650 _2Educational planning- Philippines
700 _aMañas, Jonathan L.
942 _2lcc
_cF
_hLB 1585
_i.G1357 2024
999 _c99136
_d99133